<?xml version="1.0" encoding="UTF-8"?><?xml-stylesheet type="text/xsl" href="static/style.xsl"?><OAI-PMH xmlns="http://www.openarchives.org/OAI/2.0/" xmlns:xsi="http://www.w3.org/2001/XMLSchema-instance" xsi:schemaLocation="http://www.openarchives.org/OAI/2.0/ http://www.openarchives.org/OAI/2.0/OAI-PMH.xsd"><responseDate>2026-04-18T15:19:22Z</responseDate><request verb="GetRecord" identifier="oai:recam.amb.cat:20.500.14439/1355" metadataPrefix="marc">https://recam.amb.cat/rest/oai/request</request><GetRecord><record><header><identifier>oai:recam.amb.cat:20.500.14439/1355</identifier><datestamp>2025-05-07T06:02:38Z</datestamp><setSpec>com_20.500.14439_125</setSpec><setSpec>col_20.500.14439_1149</setSpec></header><metadata><record xmlns="http://www.loc.gov/MARC21/slim" xmlns:dcterms="http://purl.org/dc/terms/" xmlns:xsi="http://www.w3.org/2001/XMLSchema-instance" xmlns:doc="http://www.lyncode.com/xoai" xsi:schemaLocation="http://www.loc.gov/MARC21/slim http://www.loc.gov/standards/marcxml/schema/MARC21slim.xsd">
   <leader>00925njm 22002777a 4500</leader>
   <datafield ind2=" " ind1=" " tag="042">
      <subfield code="a">dc</subfield>
   </datafield>
   <datafield ind2=" " ind1=" " tag="720">
      <subfield code="a">Bosc de Llum</subfield>
      <subfield code="e">author</subfield>
   </datafield>
   <datafield ind2=" " ind1=" " tag="260">
      <subfield code="c">2019-03-01</subfield>
   </datafield>
   <datafield ind2=" " ind1=" " tag="520">
      <subfield code="a">El pòster dels llacs de la xarxa de parcs metropolitans mostra la riquesa i la importància d'aquests ecosistemes com a font de biodiversitat, resultat de la naturalització dels espais aquàtics presents als parcs (basses, estanys...), accions contemplades en el pla de millora de la biodiversitat dels parcs i les platges metropolitans. En aquesta publicació es detallen, de manera visual, les principals espècies de flora i fauna que s'hi poden trobar i es planteja un joc de descoberta. Es tracta d'un material educatiu molt atractiu que complementa les activitats obertes a la participació de la ciutadania que es desenvolupen en aquests espais.</subfield>
   </datafield>
   <datafield ind1="8" ind2=" " tag="024">
      <subfield code="a">https://hdl.handle.net/20.500.14439/1355</subfield>
   </datafield>
   <datafield ind1="8" ind2=" " tag="024">
      <subfield code="a">7496369</subfield>
   </datafield>
   <datafield tag="653" ind2=" " ind1=" ">
      <subfield code="a">Llacs</subfield>
   </datafield>
   <datafield tag="653" ind2=" " ind1=" ">
      <subfield code="a">Fauna</subfield>
   </datafield>
   <datafield ind2="0" ind1="0" tag="245">
      <subfield code="a">El joc del llac</subfield>
   </datafield>
</record></metadata></record></GetRecord></OAI-PMH>